Statistiche per Marcatori della Juventus in UEFA Champions League 2013-2014

Clicka qui per fare il quiz!

Statistiche generali

  • Questo quiz è stato fatto 8 volte
  • Il punteggio medio è 7 su 9

Statistiche sulle risposte

PartitaMinutoMarcatore% Corretto
Juventus - Galatasaray 2-278'Arturo Vidal
100%
Juventus - Real Madrid 2-240'Arturo Vidal
100%
Juventus - Copenaghen 3-129'Arturo Vidal
100%
Juventus - Copenaghen 3-160'Arturo Vidal
100%
Juventus - Copenaghen 3-164'Arturo Vidal
100%
Real Madrid - Juventus 2-122'Fernando Llorente
75%
Juventus - Real Madrid 2-265'Fernando Llorente
75%
Copenaghen - Juventus 1-154'Fabio Quagliarella
13%
Juventus - Galatasaray 2-287'Fabio Quagliarella
13%

Distribuzione punteggi

Percentile per numero di risposta

Percentuale di utenti per punteggio

I tuoi punteggi nel tempo

Non hai fatto questo quiz